Visualizzazione normale
Vista MARC
- Candido Pozo
di Personal Name
Records bibliografici associati: 1
001 - CONTROL NUMBER
- control field: 36091
003 - CONTROL NUMBER IDENTIFIER
- control field: IT-RoPau
005 - DATE AND TIME OF LATEST TRANSACTION
- control field: 20151004170540.0
008 - FIXED-LENGTH DATA ELEMENTS
- fixed length control field: 151004|| aca||aabn | a|a d
040 ## - CATALOGING SOURCE
- Original cataloging agency: IT-RoPau
- Transcribing agency: IT-RoPau
100 ## - HEADING--PERSONAL NAME
- Personal name: Candido Pozo
670 ## - SOURCE DATA FOUND
- Source citation: Work cat.: (IT-RoPau)32909: Candido Pozo, Teologia dell’aldilà. Trad. dallo spagnolo di Luigi Rolfo